|
|
|
|
| LEADER |
01158nam a2200289 a 4500 |
| 001 |
1508972 |
| 008 |
091011s1990 caua b 001 0 eng d |
| 010 |
|
|
|a 89025734
|
| 020 |
|
|
|a 0899084761
|
| 020 |
|
|
|a 0899084516 (pbk.)
|
| 040 |
|
|
|a DLC
|c DLC
|d DLC
|
| 082 |
0 |
0 |
|a 362.5/8/0973
|2 20
|
| 245 |
0 |
4 |
|a The Homeless :
|b opposing viewpoints /
|c Lisa Orr, book editor.
|
| 260 |
|
|
|a San Diego, CA :
|b Greenhaven Press,
|c c1990.
|
| 300 |
|
|
|a 215 p. :
|b ill. ;
|c 23 cm.
|
| 490 |
1 |
|
|a Opposing viewpoints series
|
| 504 |
|
|
|a Includes bibliographical references and index.
|
| 541 |
1 |
|
|e 00007208
|
| 650 |
|
0 |
|a Homelessness
|z United States.
|
| 650 |
|
0 |
|a Homeless persons
|z United States.
|
| 650 |
|
0 |
|a Homeless persons
|x Housing
|z United States.
|
| 650 |
|
0 |
|a Homelessness
|x Government policy
|z United States.
|
| 700 |
1 |
|
|a Orr, Lisa,
|d 1966-
|
| 830 |
|
0 |
|a Opposing viewpoints series (Unnumbered)
|
| 852 |
4 |
|
|a Ayesha Abed Library
|j General shelf
|
| 999 |
|
|
|c 4651
|d 4651
|
| 952 |
|
|
|0 0
|1 0
|2 ddc
|4 0
|6 362_580973000000000_HOM_1990
|7 0
|9 4436
|a BRACUL
|b BRACUL
|c GEN
|d 2009-10-18
|g 0.00
|l 0
|o 362.580973 HOM
|p 3010007208
|r 2009-10-18
|t 1
|w 2009-10-18
|y BK
|x No price found in the accession register.
|